000 00532 a2200181 4500
001 137838
020 _a9788502616820
040 _cLeonardo Da Vinci
041 _aPortuguês
082 _a346.071 A448m
_bA448m
100 _aALMEIDA, João Batista de
245 _aManual de direito do consumidor
250 _a6. ed
260 _bSaraiva
_c2015
_aSão Paulo
362 _a20150000
697 _aConsumidores
_aLeis
_aLegislação
_aConsumo no Brasil
_aConceito de fornecedor
_aTutela civil
_aAdministração
_aFIPEN
942 _cBK
999 _c137838
_d137838